[Event "Bad Pyrmont Pape op-A 2nd"]
[Site "Bad Pyrmont"]
[Date "2023.08.13"]
[Round "7"]
[White "Dannhaeuser, Kevin"]
[Black "Root, Martin"]
[Result "1/2-1/2"]
[WhiteElo "2018"]
[BlackElo "1812"]
[PlyCount "146"]
[EventDate "2023.08.10"]
[EventType "swiss"]
[EventRounds "7"]
[EventCountry "GER"]
[SourceTitle "EXT 2024"]
[Source "ChessBase"]
[SourceDate "2023.10.10"]
[SourceVersion "1"]
[SourceVersionDate "2023.10.10"]
[SourceQuality "1"]

1. e4 c5 2. Nf3 d6 3. c3 Nf6 4. Bd3 Nc6 5. h3 g6 6. Bc2 e5 7. d4 cxd4 8. cxd4 Bg7 9. 0-0 0-0 10. Nc3 exd4 11. Nxd4 Nxd4 12. Qxd4 Be6 13. Qb4 Qd7 14. Rd1 Rfd8 15. e5 Ne8 16. Ba4 a5 17. Qh4 Qc7 18. Bg5 Bxe5 19. Bxd8 Rxd8 20. Rac1 Qb6 21. Bb3 Bf6 22. Qe4 Bxb3 23. axb3 Qxb3 24. Rd3 Qxb2 25. Rb1 Qc2 26. Re3 Qxe4 27. Nxe4 Be5 28. Rxb7 Ra8 29. Ra3 f5 30. Nc3 Nf6 31. Kf1 Bd4 32. Ke2 Bc5 33. Rab3 Bb4 34. Kd3 d5 35. Kd4 Rc8 36. Nxd5 Rd8 37. Rb5 Ne4 38. Ke3 Re8 39. Kd4 Rd8 40. f3 Nd6 41. Rb6 Nf7 42. Re3 Kf8 43. Ree6 Kg7 44. Rb7 Bd6 45. f4 Kg8 46. Nf6+ Kg7 47. Ne8+ Kg8 48. Nf6+ Kg7 49. Ke3 Bc5+ 50. Ke2 Ra8 51. Rc6 Bd4 52. Rcc7 Kxf6 53. Rxf7+ Ke6 54. Kd3 Bf2 55. Rxh7 a4 56. Rhe7+ Kd6 57. Re2 Bc5 58. Rg7 Kc6 59. Rxg6+ Kb5 60. Rg5 Rf8 61. Kc2 Kb4 62. Kb2 Bd4+ 63. Ka2 Rc8 64. Rxf5 Rc1 65. Rb2+ Bxb2 66. Kxb2 Rf1 67. g4 Rf2+ 68. Kb1 a3 69. Rf8 Rf1+ 70. Ka2 Rf2+ 71. Kb1 a2+ 72. Ka1 Kb3 73. Rb8+ Ka3 1/2-1/2

[Event "Bad Pyrmont Pape op-A 2nd"]
[Site "Bad Pyrmont"]
[Date "2023.08.11"]
[Round "2"]
[White "Sickmann, Lisa"]
[Black "Dannhaeuser, Kevin"]
[Result "1-0"]
[WhiteElo "1739"]
[BlackElo "2018"]
[PlyCount "81"]
[EventDate "2023.08.10"]
[EventType "swiss"]
[EventRounds "7"]
[EventCountry "GER"]
[SourceTitle "EXT 2024"]
[Source "ChessBase"]
[SourceDate "2023.10.10"]
[SourceVersion "1"]
[SourceVersionDate "2023.10.10"]
[SourceQuality "1"]

1. e4 e5 2. Nf3 Nc6 3. Bb5 Nge7 4. 0-0 g6 5. d4 exd4 6. Nxd4 Bg7 7. Be3 0-0 8. Nc3 a6 9. Be2 d5 10. exd5 Nxd5 11. Nxd5 Nxd4 12. Bxd4 Qxd5 13. Bxg7 Qxd1 14. Raxd1 Kxg7 15. Bf3 Rb8 16. Rd2 Be6 17. Rfd1 Kf6 18. g3 Rfe8 19. Kg2 a5 20. Bd5 Bf5 21. f4 h5 22. Kf2 Re7 23. Bf3 Rbe8 24. Rd8 Rxd8 25. Rxd8 b6 26. c3 Bb1 27. a3 Ba2 28. b4 axb4 29. cxb4 Bc4 30. a4 Ke6 31. a5 bxa5 32. bxa5 Rd7 33. Rxd7 Kxd7 34. Ke3 c6 35. Kd4 Bb5 36. Kc5 Kc7 37. h4 Kb7 38. f5 gxf5 39. Bxh5 Ka6 40. Bxf7 Bd3 41. Bc4+ 1-0

[Event "Bamberg op 2nd"]
[Site "Bamberg"]
[Date "2019.05.30"]
[Round "3"]
[White "Zenker, Ulrich"]
[Black "Dannhaeuser, Kevin"]
[Result "1-0"]
[WhiteElo "2147"]
[BlackElo "2095"]
[PlyCount "69"]
[EventDate "2019.05.29"]
[EventType "swiss"]
[EventRounds "7"]
[EventCountry "GER"]
[SourceTitle "CBM 190 Extra"]
[Source "ChessBase"]
[SourceDate "2019.07.15"]
[SourceVersion "1"]
[SourceVersionDate "2019.07.15"]
[SourceQuality "1"]

1. d4 d6 2. Nf3 Nd7 3. c4 e5 4. Nc3 c6 5. g3 Be7 6. Bg2 Ngf6 7. Qc2 Qc7 8. 0-0 0-0 9. b3 Re8 10. e3 Bf8 11. dxe5 dxe5 12. Bb2 Nc5 13. b4 Na6 14. a3 Bg4 15. h3 Bh5 16. Nh4 Rad8 17. g4 Bg6 18. Nxg6 hxg6 19. Rad1 Qc8 20. Ne4 Nxe4 21. Bxe4 Bd6 22. c5 Bb8 23. Rxd8 Rxd8 24. Rd1 Rxd1+ 25. Qxd1 f5 26. Bc2 e4 27. gxf5 gxf5 28. Bb3+ Kf8 29. Qh5 Qe8 30. Qh8+ Ke7 31. Qxg7+ Kd8 32. Bf6+ Kc8 33. Be6+ Qxe6 34. Qf8+ Kc7 35. Qd8# 1-0

[Event "Leipzig VfB op 24th"]
[Site "Leipzig"]
[Date "2017.03.22"]
[Round "3"]
[White "Dannhaeuser, Kevin"]
[Black "Ivanov, Mikhail M"]
[Result "0-1"]
[WhiteElo "2080"]
[BlackElo "2414"]
[PlyCount "108"]
[EventDate "2017.03.21"]
[EventType "swiss"]
[EventRounds "9"]
[EventCountry "GER"]
[SourceTitle "EXT 2018"]
[Source "ChessBase"]
[SourceDate "2017.10.13"]
[SourceVersion "1"]
[SourceVersionDate "2017.10.13"]
[SourceQuality "1"]

1. c4 g6 2. Nc3 Bg7 3. Nf3 e5 4. d3 d6 5. g3 Ne7 6. Bg2 0-0 7. 0-0 h6 8. Rb1 f5 9. Nd2 c5 10. e3 Nbc6 11. f4 exf4 12. gxf4 Be6 13. e4 Nd4 14. Nd5 Nec6 15. a3 a5 16. Nf3 a4 17. Be3 b5 18. cxb5 Nxb5 19. Nd2 Bxd5 20. exd5 Ncd4 21. Nc4 Re8 22. Qd2 Ra7 23. Rbe1 Rae7 24. Qf2 Kh7 25. Kh1 Bf6 26. Bf3 Nxf3 27. Qxf3 Nd4 28. Qf2 Nb3 29. Rg1 Rg7 30. Qg2 Bd4 31. Bxd4 Rxe1 32. Bxg7 Rxg1+ 33. Qxg1 Kxg7 34. Qe3 Nd4 35. Kg2 g5 36. Kf2 Kg6 37. Kg2 Kf7 38. fxg5 hxg5 39. h4 f4 40. Qe4 Kg7 41. h5 Qf6 42. Qe8 Nf5 43. Kf3 Nh4+ 44. Ke2 f3+ 45. Kf1 Nf5 46. Qd7+ Kh6 47. Qe8 g4 48. Nd2 Ng3+ 49. Kf2 Nxh5 50. Qe3+ Kg7 51. Ne4 Qxb2+ 52. Ke1 Qa1+ 53. Kd2 Qe5 54. Kc2 Nf6 0-1

[Event "Leipzig VfB op 24th"]
[Site "Leipzig"]
[Date "2017.03.22"]
[Round "2"]
[White "Seichter, Andreas"]
[Black "Dannhaeuser, Kevin"]
[Result "0-1"]
[WhiteElo "1772"]
[BlackElo "2080"]
[PlyCount "58"]
[EventDate "2017.03.21"]
[EventType "swiss"]
[EventRounds "9"]
[EventCountry "GER"]
[SourceTitle "EXT 2018"]
[Source "ChessBase"]
[SourceDate "2017.10.13"]
[SourceVersion "1"]
[SourceVersionDate "2017.10.13"]
[SourceQuality "1"]

1. e4 c5 2. Nf3 e6 3. d4 cxd4 4. Nxd4 Nc6 5. c4 Qc7 6. Nc3 a6 7. Be2 Nf6 8. 0-0 Bb4 9. Nxc6 bxc6 10. Qd3 0-0 11. Bd2 Be7 12. Rac1 d6 13. b3 Nd7 14. Qg3 Rd8 15. Bh6 Bf6 16. Rfd1 e5 17. Rd3 Nf8 18. f4 Ng6 19. Bg5 exf4 20. Bxf4 Nxf4 21. Qxf4 Be5 22. Qh4 Be6 23. Rcd1 Qa5 24. Na4 Bxc4 25. bxc4 Qxa4 26. R3d2 Qa3 27. Qg5 h6 28. Qf5 Rab8 29. Rf1 Qe3+ 0-1

[Event "Leipzig VfB op 24th"]
[Site "Leipzig"]
[Date "2017.03.21"]
[Round "1"]
[White "Dannhaeuser, Kevin"]
[Black "Krongraf, Henryk"]
[Result "1-0"]
[WhiteElo "2080"]
[BlackElo "1736"]
[PlyCount "51"]
[EventDate "2017.03.21"]
[EventType "swiss"]
[EventRounds "9"]
[EventCountry "GER"]
[SourceTitle "EXT 2018"]
[Source "ChessBase"]
[SourceDate "2017.10.13"]
[SourceVersion "1"]
[SourceVersionDate "2017.10.13"]
[SourceQuality "1"]

1. c4 f5 2. Nf3 d6 3. g3 Nf6 4. d3 g6 5. Bg2 Bg7 6. Nc3 0-0 7. 0-0 Nc6 8. Rb1 e5 9. Nd2 Ne7 10. b4 c6 11. b5 Qa5 12. Qc2 Bd7 13. a4 Rab8 14. Ba3 Qc7 15. c5 d5 16. b6 axb6 17. cxb6 Qd8 18. Bd6 d4 19. Qb3+ Kh8 20. Bxb8 dxc3 21. Bc7 Qc8 22. Nc4 Be6 23. Bxe5 Nfd5 24. Bxg7+ Kxg7 25. e4 fxe4 26. dxe4 1-0

[Event "Vellmar op 8th"]
[Site "Vellmar"]
[Date "2016.07.31"]
[Round "7"]
[White "Dannhaeuser, Kevin"]
[Black "George, Tom"]
[Result "0-1"]
[WhiteElo "2056"]
[BlackElo "2044"]
[PlyCount "100"]
[EventDate "2016.07.28"]
[EventType "swiss"]
[EventRounds "7"]
[EventCountry "GER"]
[SourceTitle "CBM 173 Extra"]
[Source "ChessBase"]
[SourceDate "2016.08.29"]
[SourceVersion "1"]
[SourceVersionDate "2016.08.29"]
[SourceQuality "1"]

1. Nf3 c5 2. g3 g6 3. Bg2 Bg7 4. 0-0 Nc6 5. d3 d6 6. c3 Nf6 7. Qa4 0-0 8. Qh4 Re8 9. Bh6 Qb6 10. Bxg7 Kxg7 11. b3 Bg4 12. Qg5 d5 13. Qc1 e5 14. h3 Bxf3 15. exf3 Rad8 16. Nd2 d4 17. c4 Nh5 18. a3 f5 19. Qb2 a5 20. Rfb1 Qc7 21. Nf1 Nf6 22. Qd2 h6 23. Re1 g5 24. Re2 b6 25. Qe1 f4 26. Nd2 Rf8 27. Ne4 Ne8 28. Rea2 Nd6 29. Nxd6 Rxd6 30. Qe4 Rdf6 31. g4 h5 32. Kf1 Rh6 33. Ke2 hxg4 34. hxg4 Qf7 35. b4 cxb4 36. axb4 Nxb4 37. Qxe5+ Qf6 38. Qxf6+ Rhxf6 39. Ra4 Re6+ 40. Kd2 Rfe8 41. Bf1 Re5 42. Rc1 Kf6 43. c5 bxc5 44. Rxa5 c4 45. Rxe5 c3+ 46. Kd1 Rxe5 47. Ra1 Rb5 48. Kc1 Rb8 49. Ra4 Ke5 50. Be2 Kd5 0-1

[Event "Leipzig VfB op 23rd"]
[Site "Leipzig"]
[Date "2016.03.20"]
[Round "9"]
[White "Schunk, Thomas"]
[Black "Dannhaeuser, Kevin"]
[Result "1/2-1/2"]
[WhiteElo "2197"]
[BlackElo "2022"]
[PlyCount "100"]
[EventDate "2016.03.15"]
[EventType "swiss"]
[EventRounds "9"]
[EventCountry "GER"]
[SourceTitle "EXT 2017"]
[Source "ChessBase"]
[SourceDate "2016.10.25"]
[SourceVersion "1"]
[SourceVersionDate "2016.10.25"]
[SourceQuality "1"]

1. c4 g6 2. g3 Bg7 3. Bg2 e5 4. Nc3 Ne7 5. h4 h6 6. b4 a5 7. b5 0-0 8. e3 c6 9. Ba3 f5 10. Nge2 d6 11. d4 exd4 12. exd4 Be6 13. Qd3 Re8 14. 0-0 Bf7 15. Rfe1 d5 16. c5 Nd7 17. Bc1 Nf6 18. f3 Qd7 19. Na4 Nc8 20. Rb1 Nh5 21. Bd2 Qc7 22. bxc6 bxc6 23. Nb6 Ra7 24. f4 Nf6 25. Nc3 Rxe1+ 26. Bxe1 Ne7 27. Ne2 Ne4 28. Rb3 g5 29. hxg5 Bh5 30. Bf3 Bxf3 31. Qxf3 hxg5 32. fxg5 Nxg5 33. Qh5 Ne6 34. g4 Nf4 35. Qe8+ Bf8 36. Ng3 Neg6 37. Nh5 Qe7 38. Qxe7 Rxe7 39. Bxa5 Ne2+ 40. Kf1 fxg4 41. Nf6+ Kf7 42. Nxg4 Nxd4 43. Rh3 Re4 44. Nf2 Rh4 45. Rxh4 Nxh4 46. Nd7 Nhf5 47. Nd3 Bh6 48. Bc7 Ke6 49. Nb8 Ne3+ 50. Ke1 Nec2+ 1/2-1/2

[Event "Leipzig VfB op 23rd"]
[Site "Leipzig"]
[Date "2016.03.16"]
[Round "2"]
[White "Dannhaeuser, Kevin"]
[Black "Skibbe, Willi"]
[Result "1-0"]
[WhiteElo "2022"]
[BlackElo "2268"]
[PlyCount "57"]
[EventDate "2016.03.15"]
[EventType "swiss"]
[EventRounds "9"]
[EventCountry "GER"]
[SourceTitle "EXT 2017"]
[Source "ChessBase"]
[SourceDate "2016.10.25"]
[SourceVersion "1"]
[SourceVersionDate "2016.10.25"]
[SourceQuality "1"]

1. c4 e5 2. Nc3 Nc6 3. g3 f5 4. Bg2 Nf6 5. d3 Bb4 6. Bd2 0-0 7. e3 Bxc3 8. Bxc3 d5 9. cxd5 Nxd5 10. Ne2 Kh8 11. Qd2 f4 12. gxf4 exf4 13. Bxd5 Qxd5 14. Rg1 Ne5 15. 0-0-0 fxe3 16. Qxe3 Ng4 17. Rxg4 Bxg4 18. Rg1 Rae8 19. Qh6 Re5 20. Nf4 Qc5 21. Ng6+ Kg8 22. Nxe5 Rxf2 23. Qg5 h5 24. Qd8+ Kh7 25. Nxg4 hxg4 26. Qh4+ Kg8 27. Re1 Qf5 28. Re8+ Kf7 29. Qe7+ 1-0

[Event "Leipzig VfB op 22nd"]
[Site "Leipzig"]
[Date "2015.03.05"]
[Round "5"]
[White "Dannhaeuser, Kevin"]
[Black "Pietzsch, Manuel"]
[Result "0-1"]
[WhiteElo "1937"]
[BlackElo "2093"]
[PlyCount "46"]
[EventDate "2015.03.03"]
[EventType "swiss"]
[EventRounds "9"]
[EventCountry "GER"]
[SourceTitle "EXT 2016"]
[Source "ChessBase"]
[SourceDate "2015.10.08"]
[SourceVersion "1"]
[SourceVersionDate "2015.10.08"]
[SourceQuality "1"]

1. Nf3 Nf6 2. g3 g6 3. Bg2 Bg7 4. d4 c5 5. d5 0-0 6. c4 b5 7. cxb5 a6 8. bxa6 Bxa6 9. Nc3 d6 10. 0-0 Nbd7 11. Re1 Qc7 12. e4 Ng4 13. Bg5 Rfb8 14. Qc2 Nge5 15. Nxe5 Nxe5 16. Rad1 c4 17. Ne2 Rxb2 18. Qc1 Qb7 19. Qe3 Nd3 20. Rf1 h6 21. Bxh6 Bxh6 22. Qxh6 Rxe2 23. h4 Qa7 0-1

[Event "Leipzig VfB op 22nd"]
[Site "Leipzig"]
[Date "2015.03.05"]
[Round "4"]
[White "Sonntag, Hermann"]
[Black "Dannhaeuser, Kevin"]
[Result "1/2-1/2"]
[WhiteElo "2074"]
[BlackElo "1937"]
[PlyCount "32"]
[EventDate "2015.03.03"]
[EventType "swiss"]
[EventRounds "9"]
[EventCountry "GER"]
[SourceTitle "EXT 2016"]
[Source "ChessBase"]
[SourceDate "2015.10.08"]
[SourceVersion "1"]
[SourceVersionDate "2015.10.08"]
[SourceQuality "1"]

1. e4 c5 2. Nc3 Nc6 3. f4 d6 4. Bb5 Bd7 5. Nf3 e6 6. 0-0 Qc7 7. d3 Nge7 8. a4 g6 9. Qe1 Bg7 10. Bc4 a6 11. Qh4 Nd4 12. Nxd4 Bxd4+ 13. Kh1 Bc6 14. Bd2 d5 15. Ba2 0-0-0 16. a5 Bg7 1/2-1/2

[Event "Erfurt op HT 23rd"]
[Site "Erfurt"]
[Date "2013.12.30"]
[Round "8"]
[White "Dannhaeuser, Kevin"]
[Black "Sauer, Marko"]
[Result "1/2-1/2"]
[WhiteElo "1773"]
[BlackElo "2077"]
[PlyCount "41"]
[EventDate "2013.12.26"]
[EventType "swiss"]
[EventRounds "8"]
[EventCountry "GER"]
[SourceTitle "EXT 2016"]
[Source "ChessBase"]
[SourceDate "2015.10.08"]
[SourceVersion "1"]
[SourceVersionDate "2015.10.08"]
[SourceQuality "1"]

1. Nf3 d5 2. g3 Nc6 3. d4 Bg4 4. Nbd2 Nf6 5. Bg2 Qd7 6. h3 Bf5 7. c3 0-0-0 8. b4 Ne4 9. b5 Na5 10. Nxe4 Bxe4 11. Ne5 Qe6 12. f3 Bg6 13. 0-0 f6 14. Nxg6 hxg6 15. e4 Qb6 16. Qe2 e5 17. Be3 exd4 18. cxd4 Bd6 19. f4 Rhe8 20. e5 Nc4 21. Bf2 1/2-1/2

[Event "Vellmar op-B 4th"]
[Site "Vellmar"]
[Date "2012.07.29"]
[Round "7"]
[White "Dannhaeuser, Kevin"]
[Black "Liebert, Frank"]
[Result "1-0"]
[WhiteElo "1728"]
[BlackElo "1859"]
[PlyCount "79"]
[EventDate "2012.07.26"]
[EventType "swiss"]
[EventRounds "7"]
[EventCountry "GER"]
[SourceTitle "EXT 2015"]
[Source "ChessBase"]
[SourceDate "2014.11.20"]
[SourceVersion "1"]
[SourceVersionDate "2014.11.20"]
[SourceQuality "1"]

1. d4 f5 2. c4 Nf6 3. h3 e6 4. g4 fxg4 5. hxg4 Nxg4 6. e4 Bb4+ 7. Bd2 Nxf2 8. Kxf2 Qf6+ 9. Nf3 Bxd2 10. Qxd2 Nc6 11. e5 Qf7 12. Nc3 b6 13. Be2 Bb7 14. Raf1 0-0-0 15. Ke1 Qe7 16. Rh2 Rdf8 17. Rhf2 h6 18. Nd1 d6 19. Ne3 dxe5 20. Nxe5 Nxe5 21. Rxf8+ Rxf8 22. Rxf8+ Qxf8 23. dxe5 Qf4 24. Qc3 g6 25. c5 Qe4 26. cxb6 axb6 27. Nc4 Kb8 28. Qd3 Kc8 29. Qxe4 Bxe4 30. Kf2 Bf5 31. Ke3 Kd7 32. Bd3 g5 33. Bxf5 exf5 34. a4 Ke6 35. b4 Kd5 36. a5 bxa5 37. bxa5 Kxc4 38. e6 f4+ 39. Ke4 h5 40. e7 1-0

[Event "Vellmar op-B 4th"]
[Site "Vellmar"]
[Date "2012.07.28"]
[Round "5"]
[White "Dannhaeuser, Kevin"]
[Black "Johnen, Franz"]
[Result "1-0"]
[WhiteElo "1728"]
[BlackElo "1834"]
[PlyCount "90"]
[EventDate "2012.07.26"]
[EventType "swiss"]
[EventRounds "7"]
[EventCountry "GER"]
[SourceTitle "EXT 2015"]
[Source "ChessBase"]
[SourceDate "2014.11.20"]
[SourceVersion "1"]
[SourceVersionDate "2014.11.20"]
[SourceQuality "1"]

1. d4 d5 2. c4 c6 3. Nf3 Nf6 4. Qc2 e6 5. Nbd2 Bb4 6. g3 Nbd7 7. Bg2 Ne4 8. 0-0 f5 9. Nxe4 fxe4 10. Ne5 0-0 11. cxd5 exd5 12. Nxd7 Bxd7 13. Qb3 Qb6 14. Bxe4 Qxd4 15. Bg2 Rae8 16. Be3 Qc4 17. Qxc4 dxc4 18. Rac1 Be6 19. a3 Ba5 20. Bxa7 Bd2 21. Rc2 Rd8 22. Bb6 Rd7 23. Rd1 Bg5 24. Rxd7 Bxd7 25. Rxc4 Be6 26. Rd4 Bf6 27. Rd2 Re8 28. e4 g5 29. f4 Kf7 30. e5 Be7 31. Be4 gxf4 32. gxf4 Rg8+ 33. Rg2 Rg7 34. Rxg7+ Kxg7 35. f5 Kf7 36. fxe6+ Kxe6 37. Bd4 h6 38. Kg2 c5 39. Bc3 b5 40. b4 cxb4 41. axb4 Bg5 42. Bc6 Bf4 43. Bxb5 Bxe5 44. Bxe5 Kxe5 45. Bf1 Kd4 1-0